| 000 | 01651nam a22002777a 4500 | ||
|---|---|---|---|
| 001 | 8690 | ||
| 003 | FISKH | ||
| 005 | 20251010143143.0 | ||
| 008 | 251010b cb ||||| |||| 00| 0 eng d | ||
| 040 |
_aFISKH _bkhr _cFISKH _dFISKH |
||
| 050 | _aPZ7 | ||
| 082 | _a741 | ||
| 100 | _aMinistry of Education, Youth and Sport | ||
| 245 |
_aរូបភាពមួយ / _cក្រសួងអប់រំ យុវជន និងកីឡា |
||
| 260 |
_aភ្នំពេញ : _b កិច្ចសហប្រតិបត្តិការអភិវឌ្ឍន៍ប៊ែលហ្ស៊ិក , _c2009. |
||
| 300 |
_a16 pages : _bcolor illustrations ; _c25 cm . |
||
| 505 | _aL | ||
| 520 | _aថ្ងៃមួយ គ្រូបានបញ្ជាឲ្យអ្នករាល់គ្នាគូររូបដំរី។ ប៉ុន្តែខុមមិនចេះគូរ នាងបានបារម្ភខ្លាំងណាស់។ បន្ទាប់មក នាងបានរកឃើញរូបដំរីមួយនៅហាងជួសជុលកង់ ហើយសម្រេចចិត្តខ្ចីរូបនោះ។ | ||
| 520 | _aOne day, the teacher assigned everyone to draw an elephant; but Khom didn't know how to draw it; she was so worried. She found a picture of elephant at the bike repair shop and decided to borrow them. | ||
| 521 | 8 |
_a530
_bLexile estimate |
|
| 521 | 8 |
_aL
_bRaz-Plus |
|
| 650 |
_aរូបភាពមួយ _vរឿងនិទានកុមារ |
||
| 650 |
_aOne picture _vChildren's Stories |
||
| 942 |
_2ddc _cKHB _n0 |
||
| 999 |
_c8690 _d8690 |
||